Statistics for European Cities by Picture #2

Click here to take the quiz!

General Stats

  • This quiz has been taken 39 times
  • The average score is 6 of 12

Answer Stats

Answer % Correct
Monaco
71%
Barcelona
66%
Frankfurt
66%
Marseille
60%
St. Petersburg
60%
Helsinki
57%
Stockholm
43%
Dublin
40%
Milan
37%
Valetta
37%
Birmingham
31%
Porto
29%

Score Distribution

Percentile by Number Answered

Percent of People with Each Score

Your Score History

You have not taken this quiz